<?xml version="1.0" encoding="UTF-8"?>
<collection xmlns="http://www.loc.gov/MARC21/slim">
 <record>
  <leader>01180nab a2200217 i 4500</leader>
  <controlfield tag="001">publ16248</controlfield>
  <controlfield tag="005">20190726134623.0</controlfield>
  <controlfield tag="008">190726s2015    hu      o     0||   angol d</controlfield>
  <datafield tag="022" ind1=" " ind2=" ">
   <subfield code="a">1573-403X</subfield>
  </datafield>
  <datafield tag="024" ind1="7" ind2=" ">
   <subfield code="a">10.2174/1573403X10666141013122021</subfield>
   <subfield code="2">doi</subfield>
  </datafield>
  <datafield tag="024" ind1="7" ind2=" ">
   <subfield code="a">2808675</subfield>
   <subfield code="2">mtmt</subfield>
  </datafield>
  <datafield tag="040" ind1=" " ind2=" ">
   <subfield code="a">SZTE Publicatio Repozitórium</subfield>
   <subfield code="b">hun</subfield>
  </datafield>
  <datafield tag="041" ind1=" " ind2=" ">
   <subfield code="a">angol</subfield>
  </datafield>
  <datafield tag="100" ind1="1" ind2=" ">
   <subfield code="a">Kohári Mária</subfield>
  </datafield>
  <datafield tag="245" ind1="1" ind2="0">
   <subfield code="a">Atrial tachycardias occurring late after open heart surgery</subfield>
   <subfield code="h">[elektronikus dokumentum] /</subfield>
   <subfield code="c"> Kohári Mária</subfield>
  </datafield>
  <datafield tag="260" ind1=" " ind2=" ">
   <subfield code="c">2015</subfield>
  </datafield>
  <datafield tag="300" ind1=" " ind2=" ">
   <subfield code="a">134-140</subfield>
  </datafield>
  <datafield tag="490" ind1="0" ind2=" ">
   <subfield code="a">CURRENT CARDIOLOGY REVIEWS</subfield>
   <subfield code="v">11 No. 2</subfield>
  </datafield>
  <datafield tag="520" ind1="3" ind2=" ">
   <subfield code="a">Atrial tachycardias are common after open heart surgery. Most commonly these are macro-reentrant including cavotricuspid isthmus dependent atrial flutter, incisional right atrial flutter and left atrial flutter. Focal atrial tachycardias occur less frequently. The specific type of atrial tachycardia highly depends on the type of surgical incision. Catheter ablation can be very effective, however requires a thorough understanding of anatomy and surgical technique.</subfield>
  </datafield>
  <datafield tag="700" ind1="0" ind2="1">
   <subfield code="a">Pap Róbert</subfield>
   <subfield code="e">aut</subfield>
  </datafield>
  <datafield tag="856" ind1="4" ind2="0">
   <subfield code="u">http://publicatio.bibl.u-szeged.hu/16248/1/CCR-11-134.pdf</subfield>
   <subfield code="z">Dokumentum-elérés </subfield>
  </datafield>
 </record>
</collection>
